000 00581nam a22001817a 4500
003 CEME
005 20210628202513.0
008 210208b xxu||||| |||| 00| 0 eng d
020 _a0-19-924147-3
040 _c.
082 _a658.4038 MAC
100 _aMacdonald, Stuart
_960204
245 _aInformation for innovation, managing change from an information perspective
260 _aNEW YORK
_bOXFORD UNIVERSITY PRESS
_c1998
300 _aXIII,290P
650 _aORGANIZATIONAL CHANGE; TECHNOLOGICAL INNOVATIONS; INFORMATION TECHNOLOGY-MANAGEMENT
_960205
942 _cBK
_2ddc
999 _c569996
_d569996